Normal view MARC view
  • Belegundu, Ashok .D Chandrupatla, Tirupathi .R

Entry Personal Name

Number of records used in: 1

001 - CONTROL NUMBER

  • control field: 62014

003 - CONTROL NUMBER IDENTIFIER

  • control field: NUST

005 - DATE AND TIME OF LATEST TRANSACTION

  • control field: 20210628202848.0

008 - FIXED-LENGTH DATA ELEMENTS

  • fixed length control field: 210628|| aca||aabn | a|a d

040 ## - CATALOGING SOURCE

  • Original cataloging agency: NUST
  • Transcribing agency: NUST

100 ## - HEADING--PERSONAL NAME

  • Personal name: Belegundu, Ashok .D Chandrupatla, Tirupathi .R

670 ## - SOURCE DATA FOUND

  • Source citation: Work cat.: (NUST): Belegundu, Ashok .D Chandrupatla, Tirupathi .R, Optimization concepts and applications in engineering, 2003
© 2023 Central Library, National University of Sciences and Technology. All Rights Reserved.